000 00326nam a22001457a 4500
008 210604b ||||| |||| 00| 0 eng d
020 _a0801641772
041 _aeng
080 _a61
082 _a61
100 _a3
101 _aSHM
245 _aSourcebook of Medical Communication
_cRobert C. Reeder
942 _2udc
_cBK
999 _c57967
_d57967